书目信息 |
| 题名: |
美国学校
|
|
| 作者: | 斯普林格 著 ;史静寰 译 | |
| 分册: | ||
| 出版信息: | 北京 人民教育出版社 2013 |
|
| 页数: | 657页 | |
| 开本: | 21cm | |
| 丛书名: | 汉译世界教育经典丛书 | |
| 单 册: | ||
| 中图分类: | G571.29 | |
| 科图分类: | ||
| 主题词: | 教育史--美国 | |
| 电子资源: | ||
| ISBN: | 978-7-107-23078-3 | |
| 000 | 01093oam2 2200289 450 | |
| 001 | 338063 | |
| 005 | 20150601165428.67 | |
| 010 | @a978-7-107-23078-3@dCNY38.50 | |
| 100 | @a20110117d2010 em y0chiy50 ea | |
| 101 | 1 | @achi@ceng |
| 102 | @aCN@b110000 | |
| 105 | @aa z 000yy | |
| 106 | @ar | |
| 200 | 1 | @a美国学校@Amei guo xue xiao@e教育传统与变革@f(美) 乔尔·斯普林(Joel Spring) 著@g史静寰[等]译 |
| 210 | @a北京@c人民教育出版社@d2013 | |
| 215 | @a657页@c图, 照片@d21cm | |
| 225 | 2 | @a汉译世界教育经典丛书 |
| 306 | @a本书由麦格劳-希尔(亚洲)教育出版公司和人民教育出版社合作出版 | |
| 330 | @a本书把美国学校的发展放在整个社会生活的大背景下进行考察, 系统论述了美国1642年以来的学校教育的历史演变、理论发展和实践活动, 内容全面, 史论结合到位。 | |
| 410 | 0 | @12001 @a汉译世界教育经典丛书 |
| 517 | 1 | @a教育传统与变革@Ajiao yu chuan tong yu bian ge |
| 606 | 0 | @a教育史@y美国 |
| 690 | @aG571.29@v5 | |
| 701 | 0 | @c(美)@a斯普林格@Asi pu lin ge@c(Spring, Joel)@4著 |
| 702 | 0 | @a史静寰@Ashi jing huan@c(女, @f1955)@4译 |
| 801 | 0 | @aCN@b卓展宏图@c20150525 |
| 905 | @dG571.29@e65@f3 | |
| 美国学校:教育传统与变革/(美) 乔尔·斯普林(Joel Spring) 著/史静寰[等]译.-北京:人民教育出版社,2013 |
| 657页:图, 照片;21cm.-(汉译世界教育经典丛书) |
| ISBN 978-7-107-23078-3:CNY38.50 |
| 本书把美国学校的发展放在整个社会生活的大背景下进行考察, 系统论述了美国1642年以来的学校教育的历史演变、理论发展和实践活动, 内容全面, 史论结合到位。 |
| ● |
| 相关链接 |
|
|
|
|
正题名:美国学校
索取号:G571.29/65
 
预约/预借
| 序号 | 登录号 | 条形码 | 馆藏地/架位号 | 状态 | 备注 |
| 1 | 857245 | 208572454 | 第一样本阅览室/ [索取号:G571.29/65] | 在馆 | |
| 2 | 857246 | 208572463 | 第四借阅区/ [索取号:G571.29/65] | 在馆 | |
| 3 | 857247 | 208572472 | 第四借阅区/ [索取号:G571.29/65] | 在馆 |